| 000 | 00000nam##2200000za#4500 |
| 001 | 9.574059 |
| 003 | CaOODSP |
| 005 | 20210624184011 |
| 007 | cr ||||||||||| |
| 008 | 150406|2002||||xxc|||||o f|0| 0 eng|d |
| 022 | |a1488-5379 |
| 040 | |aCaOODSP|beng |
| 043 | |an-cn--- |
| 086 | 1 |aFs97-6/2393E-PDF |
| 110 | 1 |aCanada. |bDepartment of Fisheries and Oceans. |bMaritimes Region. |
| 245 | 14|aThe Scotian Shelf : |h[electronic resource]|ban ecological overview for ocean planning / |cby H. Breeze ... [et al.]. |
| 260 | |aDartmouth - Nova Scotia : |bFisheries and Oceans Canada. |cc2002. |
| 300 | |a272p.|bfigs., graphs, maps (some coloured), references, tables |
| 490 | 1 |aCanadian technical report of fisheries and aquatic sciences|x1488-5379|vNo. 2393 |
| 500 | |aThe catalogue number (Fs97-6/2393E) and ISSN (0706-6457) for the print edition have been incorrectly copied in this electronic publication. |
| 546 | |a(Résumé en français) |
| 590 | |a12-22-Supp|b2012-05-24 |
| 720 | 1 |aBreeze, H. |
| 776 | 0#|tThe Scotian Shelf: an ecological overview for ocean planning / |w(CaOODSP)9.616104 |
| 830 | #0|aCanadian technical report of fisheries and aquatic sciences,|x1488-5379|vNo. 2393|w(CaOODSP)9.504449 |
| 856 | 40|ahttp://publications.gc.ca|qPDF|s43.90 MB|uhttps://publications.gc.ca/collections/collection_2012/mpo-dfo/Fs97-6-2393-eng.pdf|yNo. 2393 |